| 000 | 00576nam a2200217Ia 4500 | ||
|---|---|---|---|
| 999 |
_c56869 _d56869 |
||
| 001 | 2174 | ||
| 003 | GE_BSU | ||
| 005 | 20190527144622.0 | ||
| 008 | 181216s1997||||enk|||||||||||||| ||eng|| | ||
| 040 | _cGE_BSU | ||
| 041 | _aeng | ||
| 080 | _a811.111(075.8) H-17 | ||
| 100 |
_aHaines, Simon. _91635 |
||
| 245 |
_aNew First Certificate Masterclass : _bStudent's Book / |
||
| 260 | _bOxford | ||
| 260 | _c1997 | ||
| 300 |
_a223 p. _b28 cm. |
||
| 653 | _aინგლისური ენა | ||
| 700 |
_aStewart, barbara _eავტორი _91636 |
||
| 942 |
_cBK _2udc |
||